Complete a Letra de Phineas e Ferb - Statistics

Estatísticas Gerais
  • Esse quiz foi jogado 663 vezes
  • A pontuação média é 20 de 22
Estatísticas das Respostas
Letra % Correto
São três {meses} de férias
99%
Ou escalar a {Torre} Eiffel inteira
97%
Que passam {depressa}
97%
Então {vamos} nessa
96%
Temos que {aproveitar} bem
95%
Fique ligado pois com {Phineas} {e} {Ferb} tudo pode acontecer!
94%
Fique ligado pois com {Phineas} {e} {Ferb} tudo pode acontecer!
94%
Ou enlouquecer nossa {irmã}
94%
Antes que as aulas {comecem} de novo
93%
(Como por {exemplo})
93%
Ir ao {espaço}
93%
Ou lavar um {macaco} na banheira
93%
Mas tem que rolar {novidade}
91%
Temos {muito} o que fazer
91%
{Curtir} é a prioridade
90%
Descobrir uma coisa {maluca} demais
89%
Lutar com a {múmia}
89%
Surfar um {maremoto}
88%
{Criar} minirrobôs
84%
Achar mais um {dodô}
80%
Pintar um {continente}
78%
Ou colocar um {monstro} no divã
76%
Nenhum quiz correspondente encontrado
Distribuição das Pontuações
Porcentagem de Pessoas com Cada Pontuação
Percentil de Números Respondidos
Sua Pontuação Histórica
Você não jogou esse quiz